Quiz Aménagement du Territoire - Statistiques

Statistiques générales
  • Ce quiz a été pris 10 fois
  • Le résultat moyen est 8 sur 20
Statistiques - réponses
Question Réponse % Correct
Principal document de planification à l'échelle communale Plan Local d'Urbanisme
78%
Au nombre de 9, villes planifiées et créées par l'Etat dans les années 70s afin de palier à l'hypertrophie parisienne Villes nouvelles
78%
Administration française principale de l'aménagement du territoire (acronyme) DATAR
67%
Date de création de celle-ci (année) 1963
56%
Nombre de nouvelles lignes de métro prévues par le projet du Grand Paris ? 4
56%
Nom donnés aux 3 actes successifs (1982, 2002 et 2013), par lesquels l'Etat à déléguer des compétences aux collectivités territoriales. Actes de décentralisation
56%
Idem, concernant le littoral (1986), afin d'empêcher l'érosion côtière Loi Littoral
56%
Loi de 1985, donnant une définition de la montagne, et limitant la bétonisation de celle-ci Loi Montagne
56%
Créés au nombre de 11 en France, ils ont pour but de protéger la faune et la flore (ex : du Mercantour, des Ecrins, des Calanques) Parcs Nationaux
56%
Parmi celles-ci : 5 sont en Ile de France : Saint Quentin, Carré Sénart, Evry, et.... Marne La Vallée
44%
Nom du programme de 2018, visant la redynamisation des commerces, notamment dans les villes moyennes Programme Action Coeur de Ville
44%
Agence créée en 2004 afin de financer et d'accompagner la transformation des quartiers concernés par la "Politique de la Ville" (acronyme) ANRU
33%
Principal impact, engendrant, de manière générale, l'imperméabilisation des sols Artificialisation
33%
Auteur de l'ouvrage "Paris et le désert français" Jean François Gravier
33%
Nom donné à la mission d'aménagement du littoral du Languedoc Rousillon (1963-1983) Mission Racine
33%
Ensemble de rencontres politiques organisées en France en 2007, pour prendre des décisions en terme de développement durable Grenelle de l'environnement
22%
Nom donné à la politique de construction massive de logements dans les banlieues dans les années 60s, afin de faire face à la densification urbaine dans les Centres villes Grands Ensembles
11%
Autre nom de la loi LOADDT, première loi prenant en compte la dimension environnementale (1999), portant le nom du ministre de l'aménagement de l'époque Loi Voynet
11%
Nom donné au processus de transformation d'un espace par la réintégration d'éléments naturels Renaturation
11%
Loi de 1962 concernant la préservation et la mise en valeur du patrimoine, impliquant des contraintes en terme d'aménagement Loi Malraux
0%
Aucun quiz correspondant
Distribution des résultats
% des personnes avec chaque résultat
Percentile par nombre de réponses
Votre historique - résultats
Vous n’avez pas pris ce quiz